[Event "Politiken Cup 28th"]
[Site "Copenhagen"]
[Date "2006.07.28"]
[Round "7"]
[White "Kirkegaard, Niels"]
[Black "Sonderby, Anders"]
[Result "1/2-1/2"]
[WhiteElo "2029"]
[BlackElo "1926"]
[PlyCount "98"]
[EventDate "2006.07.22"]
[EventType "swiss"]
[EventRounds "9"]
[EventCountry "DEN"]
[SourceTitle "CBM 113 Extra"]
[Source "ChessBase"]
[SourceDate "2006.09.14"]
[SourceVersion "1"]
[SourceVersionDate "2006.09.14"]
[SourceQuality "1"]

1. e4 c5 2. Nf3 e6 3. d4 cxd4 4. Nxd4 Nc6 5. Nc3 Qc7 6. Be2 a6 7. 0-0 Nf6 8. Kh1 Nxd4 9. Qxd4 Bc5 10. Qd3 b5 11. f4 Bb7 12. Bf3 h5 13. e5 Ng4 14. Bxb7 Qxb7 15. Ne4 Be7 16. a4 0-0 17. axb5 axb5 18. Be3 Nxe3 19. Qxe3 Rfc8 20. c3 Rc4 21. Nd2 Rca4 22. Rxa4 Rxa4 23. Nb3 Qd5 24. Nc1 d6 25. Qe2 g6 26. Rd1 Qc6 27. Nd3 Qc4 28. Qc2 Ra8 29. b3 Qc7 30. c4 Rc8 31. Rc1 dxe5 32. Nxe5 Ba3 33. Rd1 Bd6 34. Nxg6 bxc4 35. bxc4 Kg7 36. Qd2 Kxg6 37. Qxd6 Qxd6 38. Rxd6 Rxc4 39. g3 Rc2 40. Rd4 Kf5 41. h3 Ra2 42. Rb4 Re2 43. Ra4 f6 44. Kg1 e5 45. g4+ Kg6 46. fxe5 fxe5 47. gxh5+ Kxh5 48. Kf1 Rh2 49. Re4 Rxh3 1/2-1/2

[Event "Politiken Cup 28th"]
[Site "Copenhagen"]
[Date "2006.07.27"]
[Round "6"]
[White "Willumsen, Henrik"]
[Black "Kirkegaard, Niels"]
[Result "1-0"]
[WhiteElo "2227"]
[BlackElo "2029"]
[PlyCount "175"]
[EventDate "2006.07.22"]
[EventType "swiss"]
[EventRounds "9"]
[EventCountry "DEN"]
[SourceTitle "CBM 113 Extra"]
[Source "ChessBase"]
[SourceDate "2006.09.14"]
[SourceVersion "1"]
[SourceVersionDate "2006.09.14"]
[SourceQuality "1"]

1. e4 c5 2. Nf3 Nc6 3. d4 cxd4 4. Nxd4 Nf6 5. Nc3 e5 6. Ndb5 d6 7. Bg5 a6 8. Na3 b5 9. Nd5 Be7 10. Bxf6 Bxf6 11. c3 0-0 12. Nc2 Bg5 13. a4 bxa4 14. Rxa4 a5 15. Bc4 Rb8 16. b3 Kh8 17. Nce3 g6 18. h4 Bxh4 19. Nf5 gxf5 20. Qh5 Qg5 21. Rxh4 Qxh5 22. Rxh5 fxe4 23. Nf6 Kg7 24. Nxe4 Rd8 25. Rg5+ Kh6 26. Rg3 Nd4 27. cxd4 d5 28. Ng5 dxc4 29. Nxf7+ Kh5 30. Nxd8 cxb3 31. Ra1 b2 32. Rb1 Bf5 33. Rxb2 Rxb2 34. Nf7 Bg6 35. Rg5+ Kh4 36. g3+ Kh3 37. Nxe5 a4 38. Nxg6 hxg6 39. Ra5 Rb4 40. d5 Kg4 41. Ke2 Kf5 42. Ke3 Ke5 43. f4+ Kd6 44. Kf3 Rc4 45. Kg4 Rd4 46. Ra6+ Kxd5 47. Rxg6 Kc4 48. Kg5 a3 49. f5 Kb3 50. Rb6+ Rb4 51. Rxb4+ Kxb4 52. f6 a2 53. f7 a1Q 54. f8Q+ Kb3 55. Qf7+ Kc2 56. g4 Qh8 57. Kg6 Kd1 58. g5 Qe5 59. Qf1+ Kd2 60. Qf6 Qe8+ 61. Kf5 Qc8+ 62. Qe6 Qf8+ 63. Kg4 Qb4+ 64. Kh5 Qc5 65. Kh6 Qd4 66. g6 Qf4+ 67. Kh7 Qh4+ 68. Kg8 Qd8+ 69. Kf7 Qc7+ 70. Ke8 Kc1 71. Qe1+ Kc2 72. Qf2+ Kc1 73. Qg1+ Kc2 74. Qg2+ Kb1 75. g7 Qe5+ 76. Kd7 Qf5+ 77. Kd6 Qf6+ 78. Kc5 Qe7+ 79. Kd4 Qf6+ 80. Ke3 Qb6+ 81. Ke2 Qb5+ 82. Ke3 Qc5+ 83. Kf4 Qc7+ 84. Ke3 Qc5+ 85. Ke2 Qc4+ 86. Kf2 Qd4+ 87. Ke1 Qe4+ 88. Qxe4+ 1-0

[Event "Politiken Cup 28th"]
[Site "Copenhagen"]
[Date "2006.07.25"]
[Round "4"]
[White "Hector, Jonny"]
[Black "Kirkegaard, Niels"]
[Result "1-0"]
[WhiteElo "2508"]
[BlackElo "2029"]
[PlyCount "23"]
[EventDate "2006.07.22"]
[EventType "swiss"]
[EventRounds "9"]
[EventCountry "DEN"]
[SourceTitle "CBM 113 Extra"]
[Source "ChessBase"]
[SourceDate "2006.09.14"]
[SourceVersion "1"]
[SourceVersionDate "2006.09.14"]
[SourceQuality "1"]

1. d4 Nf6 2. Nc3 d5 3. Bg5 Nbd7 4. Qd3 c5 5. 0-0-0 cxd4 6. Qxd4 e6 7. e4 dxe4 8. Nxe4 Qa5 9. Bxf6 gxf6 10. Nxf6+ Nxf6 11. Qxf6 Rg8 12. Bb5+ 1-0